000 00303nam a22001337a 4500
008 170801b xxu||||| |||| 00| 0 eng d
020 _a9781418835576
041 _aeng
080 _a004
100 _a32
101 _aSHKI
245 _aMANAGING AND MAINTAINING YOUR PC
_cANDREWS, J
942 _2udc
_cBK
999 _c22362
_d22362